000 00294nam a22001337a 4500
008 170606b xxu||||| |||| 00| 0 eng d
020 _a9780395415023
041 _aeng
080 _a94(6)
100 _a18
101 _aSHH
245 _aCAMPING WITH THE PRINCE
_cBASS,TH.A
942 _2udc
_cBK
999 _c16144
_d16144